[Event "ESP-ch U12 rapid"]
[Site "Salobrena"]
[Date "2023.07.16"]
[Round "6"]
[White "Collado Perez, Marcos"]
[Black "De Martin Burtseva, Ivan"]
[Result "0-1"]
[WhiteElo "1275"]
[BlackElo "1533"]
[PlyCount "50"]
[EventDate "2023.07.15"]
[EventType "swiss (rapid)"]
[EventRounds "9"]
[EventCountry "ESP"]
[SourceTitle "EXT 2024"]
[Source "ChessBase"]
[SourceDate "2023.10.10"]
[SourceVersion "1"]
[SourceVersionDate "2023.10.10"]
[SourceQuality "1"]

1. c4 e6 2. d4 d5 3. Nf3 Nf6 4. g3 Bb4+ 5. Bd2 Bxd2+ 6. Nbxd2 c6 7. Bg2 Nbd7 8. 0-0 0-0 9. e3 b6 10. b4 Ba6 11. Qb3 Rc8 12. b5 dxc4 13. Nxc4 Bxb5 14. Rfc1 Bxc4 15. Rxc4 Qe7 16. Rac1 c5 17. Qa4 Nd5 18. Nd2 Nc7 19. dxc5 b5 20. Qxa7 bxc4 21. Rxc4 Nd5 22. e4 Nc7 23. c6 Ne5 24. Rc5 Ra8 25. Qb6 Rfb8 0-1

[Event "ESP-ch U12 rapid"]
[Site "Salobrena"]
[Date "2023.07.16"]
[Round "5"]
[White "De Martin Burtseva, Ivan"]
[Black "Burriel Ureta, Raul"]
[Result "0-1"]
[WhiteElo "1533"]
[BlackElo "1409"]
[PlyCount "122"]
[EventDate "2023.07.15"]
[EventType "swiss (rapid)"]
[EventRounds "9"]
[EventCountry "ESP"]
[SourceTitle "EXT 2024"]
[Source "ChessBase"]
[SourceDate "2023.10.10"]
[SourceVersion "1"]
[SourceVersionDate "2023.10.10"]
[SourceQuality "1"]

1. e4 c5 2. d4 cxd4 3. c3 Nf6 4. e5 Nd5 5. cxd4 Nc6 6. Nf3 e6 7. a3 Be7 8. Bd3 Qb6 9. Be3 Nxe3 10. fxe3 Qxb2 11. Nbd2 Qc3 12. Be2 Qxe3 13. Nc4 Qc3+ 14. Ncd2 Nxd4 15. Nxd4 Qxd4 16. Nf3 Qc3+ 17. Nd2 Bxa3 18. 0-0 Bc5+ 19. Kh1 Qxe5 20. Nc4 Qd4 21. Bd3 b5 22. Na5 Bb4 23. Nb3 Qd5 24. Qe2 a6 25. Be4 Qxb3 26. Bxa8 Bd6 27. Qg4 0-0 28. Rf3 Qb2 29. Raf1 Qe5 30. Rg3 b4 31. Bf3 b3 32. Bd1 b2 33. Bc2 Bb7 34. Rh3 g6 35. Qh4 h5 36. Rg3 Qe2 37. Bd3 Qxf1+ 38. Bxf1 b1Q 39. Qc4 Bxg3 40. hxg3 Bd5 41. Qe2 a5 42. Kh2 Qe4 43. Qd2 Kg7 44. Bd3 Qd4 45. Kh1 Be4 46. g4 Qxd3 47. Qf2 Qd1+ 48. Kh2 Qxg4 49. g3 Qf3 50. Qg1 a4 51. g4 Qf4+ 52. Kh3 Qxg4+ 53. Qxg4 hxg4+ 54. Kxg4 a3 55. Kf4 Bd5 56. Ke3 a2 57. Kf4 a1Q 58. Kg3 Bf3 59. Kf4 e5+ 60. Kg3 Qg1+ 61. Kh3 Qg2+ 0-1

[Event "ESP-ch U12 rapid"]
[Site "Salobrena"]
[Date "2023.07.16"]
[Round "7"]
[White "De Martin Burtseva, Ivan"]
[Black "Truter, Maximilian"]
[Result "0-1"]
[WhiteElo "1533"]
[BlackElo "1337"]
[PlyCount "148"]
[EventDate "2023.07.15"]
[EventType "swiss (rapid)"]
[EventRounds "9"]
[EventCountry "ESP"]
[SourceTitle "EXT 2024"]
[Source "ChessBase"]
[SourceDate "2023.10.10"]
[SourceVersion "1"]
[SourceVersionDate "2023.10.10"]
[SourceQuality "1"]

1. e4 c5 2. d4 cxd4 3. c3 Nf6 4. e5 Nd5 5. cxd4 Nc6 6. Nf3 d6 7. Nc3 Nxc3 8. bxc3 dxe5 9. d5 Nb8 10. Nxe5 Qc7 11. Bb5+ Nd7 12. Nxd7 Bxd7 13. Bxd7+ Qxd7 14. 0-0 g6 15. Ba3 Bg7 16. Re1 Bf6 17. d6 0-0-0 18. Qf3 Qc6 19. dxe7 Rde8 20. Qxc6+ bxc6 21. Rab1 Kc7 22. Rb3 a5 23. Reb1 Bxe7 24. Rb7+ Kd8 25. Bxe7+ Kc8 26. Bd6 Re1+ 27. Rxe1 Kxb7 28. Re7+ Ka6 29. h4 Rd8 30. Bc5 Rd1+ 31. Kh2 Kb5 32. Bd4 c5 33. Bf6 Rd2 34. Rxf7 Rxa2 35. Rxh7 Rxf2 36. Be7 a4 37. Rh8 a3 38. Ra8 a2 39. Kg3 Rc2 40. Bf6 Kc4 41. Kf3 Kb3 42. c4 Rc1 43. Ke2 Rc2+ 44. Kf3 Rc1 45. g4 Rf1+ 46. Ke4 Rxf6 47. h5 gxh5 48. gxh5 Rh6 49. Rb8+ Kxc4 50. Ra8 Kb3 51. Rb8+ Kc2 52. Ra8 Kb1 53. Rb8+ Ka1 54. Kd3 Rxh5 55. Kc4 Rh2 56. Kc3 Rh1 57. Rb7 Rb1 58. Ra7 Rb2 59. Rd7 Rb8 60. Rd1+ Rb1 61. Rd7 Rb8 62. Rd1+ Rb1 63. Rd7 Rc1+ 64. Kd2 Rc4 65. Rb7 Rb4 66. Ra7 Kb2 67. Kd3 a1Q 68. Rxa1 Kxa1 69. Kc3 Ka2 70. Kd3 Kb3 71. Kd2 Rd4+ 72. Ke3 Rd8 73. Ke2 c4 74. Ke3 Rf8 0-1

[Event "ESP-ch U12 rapid"]
[Site "Salobrena"]
[Date "2023.07.15"]
[Round "4"]
[White "Lirola Gimeno, Manuel Jaime"]
[Black "De Martin Burtseva, Ivan"]
[Result "0-1"]
[WhiteElo "1295"]
[BlackElo "1533"]
[PlyCount "70"]
[EventDate "2023.07.15"]
[EventType "swiss (rapid)"]
[EventRounds "9"]
[EventCountry "ESP"]
[SourceTitle "EXT 2024"]
[Source "ChessBase"]
[SourceDate "2023.10.10"]
[SourceVersion "1"]
[SourceVersionDate "2023.10.10"]
[SourceQuality "1"]

1. e4 e6 2. d4 d5 3. Nc3 Nf6 4. Bg5 dxe4 5. Nxe4 Be7 6. Nxf6+ Bxf6 7. Bxf6 Qxf6 8. Nf3 b6 9. c3 Bb7 10. Be2 Nd7 11. 0-0 0-0 12. Qd3 Rad8 13. Qc2 e5 14. Rfe1 e4 15. Nd2 Rfe8 16. Bc4 Qg6 17. Re3 c5 18. dxc5 Nxc5 19. Rae1 Kh8 20. b4 Nd7 21. Qb3 Ne5 22. R1e2 f5 23. Rg3 Qf6 24. Rh3 Rd6 25. Qc2 Red8 26. Bb3 Ba6 27. c4 Rd3 28. b5 Bb7 29. Rg3 f4 30. Rh3 Rxh3 31. gxh3 Qg5+ 32. Kf1 f3 33. Re3 Rxd2 34. Qc3 Qg2+ 35. Ke1 Qxf2# 0-1

[Event "ESP-ch U12"]
[Site "Salobrena"]
[Date "2023.07.14"]
[Round "8"]
[White "Goni Sierro, Jon"]
[Black "De Martin Burtseva, Ivan"]
[Result "1-0"]
[WhiteElo "1625"]
[BlackElo "1392"]
[PlyCount "77"]
[EventDate "2023.07.10"]
[EventType "swiss"]
[EventRounds "9"]
[EventCountry "ESP"]
[SourceTitle "EXT 2024"]
[Source "ChessBase"]
[SourceDate "2023.10.10"]
[SourceVersion "1"]
[SourceVersionDate "2023.10.10"]
[SourceQuality "1"]

1. e4 e6 2. d4 d5 3. Nc3 dxe4 4. Nxe4 Nf6 5. Nxf6+ Qxf6 6. Bd3 Bd6 7. Nf3 h6 8. Be3 Nc6 9. c3 Bd7 10. Qc2 0-0-0 11. 0-0-0 Rhe8 12. Kb1 Qe7 13. Nd2 f5 14. f4 Qf7 15. Nf3 Kb8 16. Rhe1 Rc8 17. a3 Rg8 18. c4 g5 19. Ne5 Bxe5 20. fxe5 f4 21. Bg1 Rcf8 22. Ka1 g4 23. d5 Ne7 24. Be4 exd5 25. cxd5 Bf5 26. d6 cxd6 27. exd6 Nc6 28. Qc5 Bxe4 29. Rxe4 Qb3 30. Rc1 Rg5 31. Qf2 Ra5 32. d7 Kc7 33. Re8 Rxa3+ 34. bxa3 Qxa3+ 35. Kb1 Qb3+ 36. Qb2 Qd3+ 37. Rc2 Qf1+ 38. Ka2 Qa6+ 39. Qa3 1-0

[Event "ESP-ch U12"]
[Site "Salobrena"]
[Date "2022.07.11"]
[Round "1"]
[White "De Martin Burtseva, Ivan"]
[Black "Feal Albala, Alonso"]
[Result "0-1"]
[WhiteElo "1274"]
[BlackElo "1986"]
[PlyCount "70"]
[EventDate "2022.07.04"]
[EventType "swiss"]
[EventRounds "9"]
[EventCountry "ESP"]
[SourceTitle "EXT 2023"]
[Source "ChessBase"]
[SourceDate "2022.10.05"]
[SourceVersion "1"]
[SourceVersionDate "2022.10.05"]
[SourceQuality "1"]

1. e4 c5 2. Nf3 Nc6 3. d4 cxd4 4. Nxd4 Nf6 5. Nc3 e5 6. Ndb5 d6 7. Bg5 a6 8. Na3 b5 9. Nd5 Be7 10. Nxe7 Qxe7 11. c3 Bb7 12. Bd3 Nd8 13. Qd2 Ne6 14. 0-0 h6 15. Bxf6 gxf6 16. Rad1 Nf4 17. g3 Nh3+ 18. Kg2 Ng5 19. f3 Bc8 20. g4 Ne6 21. h3 Nf4+ 22. Kg3 h5 23. Rh1 Be6 24. b3 Qa7 25. Bxb5+ axb5 26. Nxb5 Qb6 27. Nxd6+ Ke7 28. Nc4 Bxc4 29. bxc4 Rad8 30. Qc2 Rxd1 31. Rxd1 hxg4 32. h4 gxf3 33. c5 Rg8+ 34. Kxf3 Qe6 35. Ke3 Rg3+ 0-1